Datum a čas kvízu
21
Celkem bodů
Celkový počet nahraných bodů na tomto kvízu bez doplňovacích otázek.
8.
Pořadí na kvízu
Konečné umístění týmu na tomto kvízu.
Zaznamenané odpovědi
| # | Otázka | Odpověď | Body | Výsledky |
|---|---|---|---|---|
| 1. | Společnost Czech News Center,... | Oldřich Kaiser | 1 | |
| 2. | Larry, kocour s oficiální hodn... | C) lišku | 0 | |
| 3. | Partner Hospodského kvízu, poř... | Belladonna | 0 | |
| 4. | Elon Musk nepřestává udivovat... | parfém | 0 | |
| 5. | V pondělí skončil v české nejv... | Pavel Vrba, Baník Ostrava | 0 | |
| 6. | Lebka člověka se skládá z 22 k... | kost spánková | 1 | |
| 7. | Jak se jmenuje v Los Angeles n... | Shia LaBeouf | 1 | |
| 8. | Na fotografii vidíte lebku: A)... | B) člověka zručného | 1 | |
| 9. | Jak se nazývá firma, která vyr... | Skullcandy | 1 | |
| 10. | Která hudební skupina stojí za... | Vypsaná Fixa | 0 |